LDR 01011naa#a2200205#i#450# 001 RU\\bibl\121251 005 20260502065001.6 011 ## _a1994-4683 100 ## _a20230803b2023####ek#y0rusy0150####ca 102 ## _aRU 200 1# _aПРИМЕНЕНИЕ ЦИФРОВЫХ ТЕХНОЛОГИЙ НА ЗАНЯТИЯХ ФИЗИЧЕСКОЙ КУЛЬТУРОЙ И СПОРТОМ В ВУЗЕ _eЖурнальная статья 210 1# _aМосква _cНациональный государственный Университет физической культуры, спорта и здоровья им. П.Ф. Лесгафта _d2023 215 ## _a4 с. 608 ## _aЖурнальная статья _2local 675 ## _aВысшее образование. Высшая школа. Подготовка научных кадров. 378 _z 700 #1 _aАлексина _gА О 700 #1 _aРусанова _gО Ю 700 #1 _aРешетин _gА А 700 #1 _aКазакова _gО А 856 4# _auchzapiski.lesgaft.spb.ru _u